Loading...
| Current Events | 1 | 10.00 | 100% | 0% | 0% |
| Fine Arts - Classical Music | 3 | 3.33 | 33% | 0% | 0% |
| Fine Arts - Other | 7 | 7.14 | 57% | 14% | 0% |
| Fine Arts - Painting and Sculpture | 6 | 13.33 | 100% | 33% | 0% |
| Geography | 2 | 15.00 | 100% | 50% | 0% |
| History - American | 4 | 12.50 | 100% | 25% | 0% |
| History - European | 2 | 10.00 | 100% | 0% | 0% |
| History - Other | 4 | 12.50 | 100% | 25% | 0% |
| History - World | 1 | 30.00 | 100% | 100% | 100% |
| Literature - American | 2 | 10.00 | 100% | 0% | 0% |
| Literature - British | 1 | 0.00 | 0% | 0% | 0% |
| Literature - European | 3 | 13.33 | 100% | 0% | 33% |
| Literature - World | 3 | 10.00 | 67% | 0% | 33% |
| Mythology | 3 | 13.33 | 67% | 33% | 33% |
| Other Academic | 1 | 10.00 | 100% | 0% | 0% |
| Philosophy | 3 | 3.33 | 33% | 0% | 0% |
| Pop Culture | 1 | 10.00 | 0% | 100% | 0% |
| Religion | 4 | 20.00 | 100% | 50% | 50% |
| Science - Biology | 2 | 15.00 | 100% | 50% | 0% |
| Science - Chemistry | 3 | 10.00 | 100% | 0% | 0% |
| Science - Other | 3 | 10.00 | 100% | 0% | 0% |
| Science - Physics | 3 | 10.00 | 100% | 0% | 0% |
| Social Science | 3 | 10.00 | 100% | 0% | 0% |